[Event "chess.com SpeedChess Q1Sw"]
[Site "chess.com INT"]
[Date "2022.11.10"]
[Round "8"]
[White "Firat, Burak"]
[Black "Leiva, Gianmarco"]
[Result "1-0"]
[WhiteTitle "GM"]
[BlackTitle "IM"]
[WhiteElo "2460"]
[BlackElo "2366"]
[WhiteFideId "6305881"]
[BlackFideId "3804399"]
[EventDate "2022.11.10"]

1. d4 Nf6 2. c4 e6 3. Nf3 d5 4. Nc3 a6 5. cxd5 exd5 6. Bg5 Be6 7. e3 Nbd7 8. Be2
c6 9. O-O Bd6 10. Bh4 Bf5 11. Bd3 Bxd3 12. Qxd3 O-O 13. Rfc1 Qe8 14. Nd2 Qe6 15.
Bg3 Bxg3 16. hxg3 Rae8 17. Nf1 Ng4 18. Re1 f5 19. f3 Nh6 20. Ne2 Nf7 21. Nf4 Qh6
22. Qa3 Nd6 23. Qb4 Kh8 24. b3 Rg8 25. Kf2 Re7 26. Rad1 Rge8 27. Nd2 g5 28. Nd3
Qg6 29. f4 Rg7 30. Ne5 Nxe5 31. fxe5 Ne4+ 32. Nxe4 fxe4 33. Ke2 Qh5+ 34. Kd2 Qg4
35. Rf1 Qxg3 36. Rf8+ Rg8 37. Rdf1 Rexf8 38. Rxf8 Qxg2+ 39. Kc3 Qe2 40. Qe7
Qxe3+ 41. Kb4 Qd2+ 42. Ka4 b5+ 43. Ka3 Qc1+ 44. Kb4 a5+ 45. Kxa5 Qc3+ 46. Ka6 1-0

[Event "chess.com SpeedChess Q1Sw"]
[Site "chess.com INT"]
[Date "2022.11.10"]
[Round "8"]
[White "Nguyen Hong Nhung"]
[Black "Szente Varga, Fruzsina"]
[Result "1-0"]
[WhiteTitle "WFM"]
[BlackTitle "WFM"]
[WhiteElo "2003"]
[BlackElo "2075"]
[WhiteFideId "12412201"]
[BlackFideId "712264"]
[EventDate "2022.11.10"]

1. e4 e5 2. Nf3 Nc6 3. d4 exd4 4. Nxd4 d6 5. Nc3 Nf6 6. Bf4 Be7 7. Qd2 Be6 8.
Bb5 Bd7 9. O-O-O a6 10. Bxc6 Bxc6 11. Nxc6 bxc6 12. e5 dxe5 13. Qxd8+ Rxd8 14.
Rxd8+ Kxd8 15. Bxe5 Kc8 16. Re1 Bd6 17. Bxd6 cxd6 18. Re7 Rf8 19. Ra7 Nd7 20.
Ne4 d5 21. Nd6+ Kd8 22. Rxa6 Kc7 23. Nf5 Nc5 24. Ra7+ Kb6 25. Re7 Ne4 26. f3 Nc5
27. Nxg7 Na6 28. g3 Nb4 29. a3 Na6 30. Nf5 Nc5 31. Nd6 f5 32. b4 Na4 33. Rxh7 f4
34. g4 c5 35. Rh6 cxb4 36. axb4 Nc3 37. Ne4+ Kb5 38. Nxc3+ Kxb4 39. Nxd5+ Kc4
40. Nb6+ Kc3 41. Rc6+ Kd4 42. Re6 Rh8 43. Re2 Rh3 44. Kd2 Rxf3 45. h4 Rh3 46. h5
f3 47. Rf2 Ke4 48. Nc4 Rg3 49. Ne3 Kf4 50. c4 Rg1 51. c5 Ra1 52. c6 Ra2+ 53. Nc2
Ra5 54. Nd4 Ra2+ 55. Nc2 Ra5 56. Kd3 Rc5 57. Nd4 Kg3 58. Rxf3+ Kxg4 59. Rf5 Rc1
60. h6 1-0

[Event "chess.com SpeedChess Q1Sw"]
[Site "chess.com INT"]
[Date "2022.11.10"]
[Round "8"]
[White "Li, Ruifeng"]
[Black "Tan, Zhongyi"]
[Result "1-0"]
[WhiteTitle "GM"]
[BlackTitle "GM"]
[WhiteElo "2541"]
[BlackElo "2514"]
[WhiteFideId "2061074"]
[BlackFideId "8603642"]
[EventDate "2022.11.10"]

1. b3 Nf6 2. Bb2 g6 3. g4 Bg7 4. g5 Nh5 5. Bxg7 Nxg7 6. d4 e5 7. dxe5 Qxg5 8.
Nf3 Qe7 9. Nc3 c6 10. Qd2 Nh5 11. Ne4 d5 12. Nd6+ Kd8 13. O-O-O Be6 14. Rg1 Kc7
15. e4 Nd7 16. Qc3 dxe4 17. Nd4 Rae8 18. Ba6 Nxe5 19. Qa5+ Kb8 20. Qxe5 f6 21.
Qc5 Bc8 22. Nxc6+ bxc6 23. Qxc6 Bxa6 24. Qxa6 Rd8 25. Rd5 Rxd6 26. Rxd6 Qe5 27.
Rgd1 Rc8 28. Kb1 Qc5 29. R1d2 Nf4 30. Rd7 Qc6 31. Qa5 e3 32. fxe3 Ne6 33. Qb4+
Ka8 34. R7d6 Qh1+ 35. Kb2 Nc5 36. Rd8 Qc6 37. Rxc8+ Qxc8 38. Qc4 Qf5 39. Rd5 1-0

[Event "chess.com SpeedChess Q1Sw"]
[Site "chess.com INT"]
[Date "2022.11.10"]
[Round "8"]
[White "Garv, Gaur"]
[Black "Samaganova, Aleksandra"]
[Result "1-0"]
[WhiteTitle "CM"]
[BlackTitle "WFM"]
[WhiteElo "1973"]
[BlackElo "1884"]
[WhiteFideId "45030839"]
[BlackFideId "13800221"]
[EventDate "2022.11.10"]

1. d4 Nf6 2. Nf3 e6 3. c4 b6 4. g3 Bb7 5. Bg2 Be7 6. O-O O-O 7. Nc3 Ne4 8. Bd2
Nxc3 9. Bxc3 Be4 10. d5 Bf6 11. Rc1 Na6 12. a3 h6 13. b4 Bxc3 14. Rxc3 Qf6 15.
Re3 Bh7 16. Ne5 Rad8 17. Qa4 Nb8 18. Qxa7 d6 19. Nd3 Rd7 20. Bh3 Re8 21. dxe6
fxe6 22. Bxe6+ Rxe6 23. Qxb8+ Rd8 24. Qxc7 Rxe3 25. fxe3 Qg5 26. Qf7+ Kh8 27.
Qf4 Qe7 28. Nf2 d5 29. cxd5 Rxd5 30. e4 Re5 31. Qf3 Bxe4 32. Nxe4 Rxe4 33. Qf8+
Kh7 34. Qxe7 Rxe7 35. Kf2 b5 36. Rc1 Ra7 37. Rc3 Kg6 38. e4 Kf6 39. Ke3 h5 40.
Kf4 g5+ 41. Ke3 Ra6 42. Kd4 Ke6 43. Kc5 Ke5 44. Kxb5 Ra8 45. a4 Kxe4 46. a5 Kd5
47. Rd3+ Ke4 48. Rd2 h4 49. gxh4 gxh4 50. a6 Rh8 51. a7 Ke5 52. Ka6 Rh7 53. a8=Q 1-0

[Event "chess.com SpeedChess Q1Sw"]
[Site "chess.com INT"]
[Date "2022.11.10"]
[Round "8"]
[White "Aitbayev, Aslan"]
[Black "Zhigalko, Sergei"]
[Result "1-0"]
[WhiteTitle "IM"]
[BlackTitle "GM"]
[WhiteElo "2421"]
[BlackElo "2572"]
[WhiteFideId "13704613"]
[BlackFideId "13502956"]
[EventDate "2022.11.10"]

1. e4 c5 2. Nf3 Nc6 3. Bb5 Nf6 4. Nc3 Qc7 5. O-O Nd4 6. Re1 a6 7. Bf1 e5 8. d3
d6 9. Bg5 Be7 10. Bxf6 Bxf6 11. Nd5 Qd8 12. Nxd4 cxd4 13. c3 dxc3 14. bxc3 Bg5
15. Rb1 O-O 16. Rb6 Be6 17. Rxb7 Bxd5 18. exd5 Qa5 19. d4 Bf6 20. dxe5 Bxe5 21.
Qb3 Rfc8 22. Re3 g6 23. c4 Qd2 24. g3 a5 25. Rf3 Rf8 26. a4 Rae8 27. c5 Bd4 28.
c6 Qc1 29. Qb1 Qc5 30. Qb3 Re1 31. Rb8 Qc1 32. Rxf8+ Kxf8 33. Qd3 Bb6 34. Kg2
Kg7 35. Qc3+ Qxc3 36. Rxc3 Bc7 37. Rb3 Rc1 38. Rb7 Bd8 39. Rd7 Bb6 40. Rxd6 Rc2
41. Bb5 Rxf2+ 42. Kh3 h5 43. Rd7 Rc2 44. g4 Rc3+ 45. Kg2 hxg4 46. d6 Rc2+ 47.
Kf1 Rxh2 48. c7 g3 49. Bc6 Rf2+ 50. Ke1 g2 51. Bxg2 Rxg2 52. c8=Q 1-0

[Event "chess.com SpeedChess Q1Sw"]
[Site "chess.com INT"]
[Date "2022.11.10"]
[Round "8"]
[White "Lopez Martinez, Josep Manuel"]
[Black "Koziorowicz, Michal"]
[Result "0-1"]
[WhiteTitle "GM"]
[BlackTitle "FM"]
[WhiteElo "2493"]
[BlackElo "2296"]
[WhiteFideId "2212943"]
[BlackFideId "21809194"]
[EventDate "2022.11.10"]

1. e4 c5 2. Nf3 d6 3. d4 cxd4 4. Nxd4 Nf6 5. Nc3 g6 6. Be3 Bg7 7. f3 O-O 8. Qd2
Nc6 9. g4 Ne5 10. g5 Nfd7 11. h4 Nc5 12. Be2 Qa5 13. a3 Bd7 14. b4 Qd8 15. bxc5
dxc5 16. Nb3 b6 17. f4 Ng4 18. e5 Nxe3 19. Qxe3 f6 20. O-O-O fxe5 21. fxe5 Qe8
22. Nd5 Bf5 23. h5 Rd8 24. Bc4 Rxd5 25. Rxd5 e6 26. Rd6 gxh5 27. Rf1 Kh8 28.
Rxf5 Rxf5 29. Rxe6 Qb8 30. Qe4 Rxe5 31. Rxe5 Bxe5 32. Bd3 Qc7 33. g6 c4 34. Bxc4
hxg6 35. Kb1 Kh7 36. Bd3 Qd6 37. Nd2 Bg7 38. Qf3 Qe5 39. Kc1 Qa1+ 40. Nb1 Bh6+
41. Kd1 Qxb1+ 42. Ke2 Qg1 43. Qf7+ Bg7 44. Bc4 Qg4+ 45. Kd3 h4 46. Qg8+ Kh6 47.
Be6 Qf3+ 48. Kc4 h3 49. Bd5 Qc3+ 50. Kb5 h2 51. Qe6 Qxa3 0-1

[Event "chess.com SpeedChess Q1Sw"]
[Site "chess.com INT"]
[Date "2022.11.10"]
[Round "8"]
[White "Ambartsumova, Karina"]
[Black "Dixit, Nikhil"]
[Result "1-0"]
[WhiteTitle "IM"]
[BlackTitle "FM"]
[WhiteElo "2399"]
[BlackElo "2306"]
[WhiteFideId "4166299"]
[BlackFideId "5059534"]
[EventDate "2022.11.10"]

1. Nf3 Nf6 2. g3 g6 3. Bg2 Bg7 4. O-O O-O 5. d4 d6 6. c4 c6 7. Nc3 Bf5 8. Nh4
Be6 9. d5 cxd5 10. cxd5 Bd7 11. Be3 Na6 12. Bd4 Qa5 13. e4 Rfc8 14. f4 Ng4 15.
Bxg7 Kxg7 16. Qd4+ Kg8 17. h3 Nh6 18. e5 Qb4 19. Qxb4 Nxb4 20. exd6 exd6 21. Ne4
Rc2 22. Nf6+ Kg7 23. Nxd7 Rxb2 24. Rab1 Rxb1 25. Rxb1 Nxa2 26. Rxb7 Nc3 27. Rb3
Ne2+ 28. Kf2 Nd4 29. Ra3 a5 30. Nb6 Ra6 31. Nc4 a4 32. Bf3 Nb5 33. Ra2 a3 34.
Be2 Ra4 35. Nf3 Nf5 36. Nb6 Rb4 37. Bxb5 Rxb5 38. Nc4 Rxd5 39. Rxa3 h5 40. h4
Nh6 41. Ne3 Rb5 42. Rd3 Rb2+ 43. Rd2 Rb6 44. Nc4 Ra6 45. Rxd6 Ng4+ 46. Ke2 Ra2+
47. Rd2 Ra1 48. Nce5 Nf6 49. Ng5 Ra3 50. Kf2 Rb3 51. Kg2 Ra3 52. Nexf7 Ng4 53.
Ne5 Ne3+ 54. Kf2 Nf5 55. Rd7+ Kg8 56. Ne4 Ra2+ 57. Ke1 Ra1+ 58. Kd2 Ra4 59. Nf6+
Kf8 60. Nxg6# 1-0

[Event "chess.com SpeedChess Q1Sw"]
[Site "chess.com INT"]
[Date "2022.11.10"]
[Round "8"]
[White "Martinez Alcantara, Jose Eduardo"]
[Black "Duda, Jan-Krzysztof"]
[Result "1-0"]
[WhiteTitle "GM"]
[BlackTitle "GM"]
[WhiteElo "2597"]
[BlackElo "2731"]
[WhiteFideId "3805662"]
[BlackFideId "1170546"]
[EventDate "2022.11.10"]

1. e4 e5 2. Nf3 Nc6 3. Bb5 Nf6 4. O-O Nxe4 5. Re1 Nd6 6. Nxe5 Be7 7. Bf1 Nf5 8.
Nf3 d5 9. d4 O-O 10. c3 Bd6 11. Bd3 g6 12. Nbd2 Nce7 13. Nf1 Ng7 14. Bh6 Bf5 15.
Ne3 Bxd3 16. Qxd3 c6 17. Ng4 Nef5 18. Bd2 h5 19. Nge5 Bxe5 20. Nxe5 g5 21. h3 f6
22. Ng6 Rf7 23. g4 Nd6 24. f3 Qc7 25. Re2 Nc4 26. f4 Nxb2 27. Qf3 Nc4 28. gxh5
Re8 29. Rae1 Re4 30. Bc1 Nd6 31. Ba3 Rxe2 32. Rxe2 Ne4 33. Qg4 f5 34. Qf3 Ne6
35. Rg2 Rg7 36. fxg5 N6xg5 37. Qxf5 Rf7 38. Ne7+ Kh8 39. Qg4 Rf3 40. Ng6+ Kh7
41. Nf8+ Kh6 42. Bc1 Rxf8 43. Bxg5+ Kh7 44. Bf4 Qf7 45. Qg6+ Qxg6 46. hxg6+ Kg8
47. Be5 Rf3 48. h4 Rf5 49. Rb2 b5 50. a4 1-0

[Event "chess.com SpeedChess Q1Sw"]
[Site "chess.com INT"]
[Date "2022.11.10"]
[Round "8"]
[White "Dubov, Daniil"]
[Black "Le, Tuan Minh"]
[Result "0-1"]
[WhiteTitle "GM"]
[BlackTitle "IM"]
[WhiteElo "2708"]
[BlackElo "2542"]
[WhiteFideId "24126055"]
[BlackFideId "12401153"]
[EventDate "2022.11.10"]

1. d4 d5 2. c4 c6 3. Nf3 Nf6 4. cxd5 cxd5 5. Nc3 Nc6 6. Bf4 Bf5 7. Qb3 Qb6 8.
Qxb6 axb6 9. e3 e6 10. Bb5 Bb4 11. O-O O-O 12. Rfc1 Rfc8 13. a3 Bxc3 14. Rxc3
Na7 15. Rxc8+ Rxc8 16. Ba4 Bc2 17. Bb8 Bxa4 18. Bxa7 Rc2 19. Rb1 Ne4 20. Bxb6 f6
21. Ba5 Rxf2 22. b3 Bb5 23. a4 Bd3 24. Rc1 Rb2 25. Rc8+ Kf7 26. Rc7+ Kg6 27.
Rxb7 Rb1+ 28. Be1 Be2 29. a5 Bxf3 30. gxf3 Rxe1+ 31. Kg2 Nd6 32. Rb6 Nf5 33. a6
Ra1 34. Rxe6 Kf7 35. Rb6 Ra2+ 36. Kg1 Nxe3 37. b4 Kg6 38. b5 Kf5 39. Rc6 Kf4 40.
Rc1 Nc4 41. Rb1 Nb6 42. Rc1 Kxf3 43. h4 g5 44. Rc6 Nd7 45. Rd6 Nb8 46. Rxf6+ Kg3
47. hxg5 Nd7 48. Rf2 Rxf2 0-1

[Event "chess.com SpeedChess Q1Sw"]
[Site "chess.com INT"]
[Date "2022.11.10"]
[Round "8"]
[White "Deac, Bogdan-Daniel"]
[Black "Swiercz, Dariusz"]
[Result "1-0"]
[WhiteTitle "GM"]
[BlackTitle "GM"]
[WhiteElo "2700"]
[BlackElo "2646"]
[WhiteFideId "1226380"]
[BlackFideId "1126881"]
[EventDate "2022.11.10"]

1. d4 Nf6 2. c4 e6 3. Nc3 Bb4 4. e3 O-O 5. Bd3 d5 6. a3 Bxc3+ 7. bxc3 dxc4 8.
Bxc4 c5 9. Nf3 Qc7 10. Be2 b6 11. Bb2 cxd4 12. cxd4 Ba6 13. Rc1 Qb7 14. O-O Bxe2
15. Qxe2 Nbd7 16. Nd2 Rfc8 17. e4 Rxc1 18. Rxc1 Rc8 19. f3 Rxc1+ 20. Bxc1 b5 21.
Qd3 a5 22. Bb2 h6 23. Qb3 Qa6 24. Kf2 Qb6 25. Ke2 Nh5 26. g3 Nhf6 27. Qc3 Qa6
28. Qd3 Qc6 29. Bc3 Qb6 30. Nb3 a4 31. Nc1 Qc6 32. Na2 Nb6 33. Nb4 Qd7 34. Be1
Nc4 35. Qc3 Ne8 36. Nc2 f5 37. Qd3 fxe4 38. fxe4 Nf6 39. Nb4 Qf7 40. h3 Qg6 41.
e5 Qxd3+ 42. Kxd3 Nd5 43. Nxd5 exd5 44. Bb4 Kf7 45. Bc5 Ke6 46. Kc3 Kd7 47. Kb4
Kc6 48. e6 g6 49. e7 Kd7 50. Kxb5 Nd2 51. Kxa4 Ne4 52. Kb5 Nxg3 53. a4 Ne4 54.
a5 Nf6 55. a6 Ne8 56. Kb6 Nc7 57. a7 g5 58. e8=Q+ Nxe8 59. a8=Q Nf6 60. Qc6+ 1-0

[Event "chess.com SpeedChess Q1Sw"]
[Site "chess.com INT"]
[Date "2022.11.10"]
[Round "8"]
[White "Pranav, V"]
[Black "Boros, Denes"]
[Result "1-0"]
[WhiteTitle "IM"]
[BlackTitle "GM"]
[WhiteElo "2548"]
[BlackElo "2402"]
[WhiteFideId "25060783"]
[BlackFideId "722340"]
[EventDate "2022.11.10"]

1. e4 e5 2. Nf3 Nc6 3. Bc4 Bc5 4. c3 Qf6 5. d3 Nge7 6. O-O d6 7. Ng5 O-O 8. Kh1
Ng6 9. Qh5 h6 10. Nh3 Be6 11. Nd2 a5 12. a4 Bb6 13. Nf3 Rad8 14. Nfg5 Bxc4 15.
dxc4 Rfe8 16. Nf3 Nb8 17. Nfg1 Qe6 18. b3 Nd7 19. Ba3 Bc5 20. Bc1 Ba7 21. Ba3
Rf8 22. Nf3 Nf6 23. Qf5 Qxf5 24. exf5 Ne7 25. Nxe5 Nxf5 26. Nd3 Ne4 27. Rac1 Nd2
28. Rfd1 Nxb3 29. Rb1 Nc5 30. Bxc5 Bxc5 31. Rxb7 Bb6 32. Nhf4 Ne7 33. g4 Rfe8
34. Kg2 g5 35. Nh5 Kh8 36. Nf6 Rf8 37. Re1 Nc6 38. Nd5 Rb8 39. Rxb8 Rxb8 40. Rb1
Kg7 41. Rb5 Ba7 42. Nxc7 Rc8 43. Rb7 Kf8 44. Nb5 Bc5 45. Nxc5 dxc5 46. Nd6 Rd8
47. Nxf7 Rd3 48. Nxh6 Ne5 49. h4 Ng6 50. hxg5 Nf4+ 51. Kh2 Rh3+ 52. Kg1 Rxc3 53.
Rf7+ 1-0

[Event "chess.com SpeedChess Q1Sw"]
[Site "chess.com INT"]
[Date "2022.11.10"]
[Round "8"]
[White "Csonka, Balazs"]
[Black "Ahn, Hongjin"]
[Result "1-0"]
[WhiteTitle "IM"]
[BlackTitle "IM"]
[WhiteElo "2497"]
[BlackElo "2282"]
[WhiteFideId "742910"]
[BlackFideId "13201492"]
[EventDate "2022.11.10"]

1. e4 c5 2. Nf3 Nf6 3. e5 Nd5 4. c3 Nc6 5. Bc4 Nb6 6. Bb3 d5 7. exd6 Qxd6 8. O-O
Be6 9. Bxe6 Qxe6 10. a4 Qd7 11. a5 Nd5 12. a6 b6 13. d4 cxd4 14. Nxd4 e6 15.
Nxc6 Qxc6 16. Qf3 Be7 17. Nd2 O-O 18. Nb3 Bf6 19. Rd1 Rfd8 20. g3 Rac8 21. h4
Qa8 22. Bg5 Bxg5 23. hxg5 Qb8 24. Nd4 Qe5 25. Nb5 Rd7 26. b3 Re7 27. c4 Nb4 28.
Qf4 Qc5 29. Ra4 e5 30. Qe3 Rce8 31. Qxc5 bxc5 32. Kg2 e4 33. Ra5 h6 34. gxh6
gxh6 35. Nd6 Rd8 36. Rxc5 Red7 37. Rb5 Nc2 38. c5 e3 39. Kf3 exf2 40. Kxf2 Rc7
41. b4 Na3 42. Rb7 Rc6 43. Rxa7 Nb5 44. Rb7 Nxd6 45. Rxd6 Rdxd6 46. cxd6 Rxa6
47. d7 Kg7 48. d8=Q Ra2+ 49. Kf3 Ra3+ 50. Kf4 Ra1 51. Qd4+ Kg6 52. Rb6+ 1-0

[Event "chess.com SpeedChess Q1Sw"]
[Site "chess.com INT"]
[Date "2022.11.10"]
[Round "8"]
[White "Svane, Frederik"]
[Black "Dushyant, Sharma"]
[Result "1-0"]
[WhiteTitle "GM"]
[BlackTitle "IM"]
[WhiteElo "2568"]
[BlackElo "2370"]
[WhiteFideId "12923044"]
[BlackFideId "25065130"]
[EventDate "2022.11.10"]

1. e4 e5 2. Nf3 Nc6 3. Bb5 a6 4. Ba4 f5 5. d4 exd4 6. exf5 Qe7+ 7. Kd2 Qf6 8.
Re1+ Nge7 9. g4 h5 10. h3 d6 11. Qe2 hxg4 12. hxg4 Bd7 13. Kd1 O-O-O 14. Bg5 Qf7
15. Bxc6 Bxc6 16. Nxd4 Qd5 17. Qe6+ Qxe6 18. Nxe6 Bf3+ 19. Kd2 Bxg4 20. Nc3 Rh5
21. Nxd8 Kxd8 22. Ne4 Bxf5 23. Bxe7+ Bxe7 24. Ng3 Rg5 25. Nxf5 Rxf5 26. Ke2 Bf6
27. c3 Rb5 28. Rab1 Kd7 29. Kd3 Rf5 30. Re2 a5 31. Rg1 b5 32. Rg4 c5 33. Kc2 b4
34. c4 Be5 35. Kd3 Kc6 36. Ke4 Rf7 37. f4 Bd4 38. Kf3 a4 39. b3 axb3 40. axb3
Ra7 41. Ke4 Ra3 42. Rg3 Ra1 43. Kf5 Rf1 44. Kg4 Bc3 45. Re6 Bd2 46. Rf3 Rg1+ 47.
Kf5 Rb1 48. Rd3 Bc3 49. Rexd6+ Kc7 50. Rd7+ Kc8 51. Ra7 Bd4 52. Rh3 g6+ 53. Kxg6
Rf1 54. Kf5 Kb8 55. Rf7 Rg1 56. Rhh7 Rg8 57. Rb7+ Ka8 58. Ra7+ Kb8 59. Rhb7+ Kc8
60. Ra8+ Kxb7 61. Rxg8 1-0

[Event "chess.com SpeedChess Q1Sw"]
[Site "chess.com INT"]
[Date "2022.11.10"]
[Round "8"]
[White "Namitbir, Singh Walia"]
[Black "Mikhailov, Viacheslav"]
[Result "0-1"]
[WhiteTitle "FM"]
[BlackTitle "IM"]
[WhiteElo "2339"]
[BlackElo "2428"]
[WhiteFideId "35071068"]
[BlackFideId "4187369"]
[EventDate "2022.11.10"]

1. e4 c5 2. Nf3 Nc6 3. d4 cxd4 4. Nxd4 g6 5. Nc3 Bg7 6. Be3 d6 7. Be2 Nf6 8. O-O
O-O 9. Kh1 Nxd4 10. Bxd4 Qa5 11. f4 Bd7 12. Bf3 Bc6 13. Qe2 Rfd8 14. Rad1 Rac8
15. Rfe1 Ne8 16. Qf2 Bxd4 17. Qxd4 Ng7 18. a3 Ne6 19. Qe3 Qc5 20. Bg4 Qxe3 21.
Rxe3 Rb8 22. Bxe6 fxe6 23. e5 dxe5 24. Rxd8+ Rxd8 25. Rxe5 Rd4 26. Rxe6 Rxf4 27.
Kg1 Rg4 28. Re2 h5 29. h3 Rg5 30. Kf1 Kf8 31. Ne4 Re5 32. Nf2 Bxg2+ 33. Ke1 Rf5
34. Nd3 Bxh3 35. Ne5 Kg7 36. Nd3 e6 37. Kd2 Kf6 38. b4 Bg4 39. Re3 b6 40. c4 h4
41. c5 h3 42. c6 Ke7 43. Ne5 Rxe5 44. Rxe5 h2 45. Re1 Bf3 46. c7 Kd7 47. Rc1 Kc8
48. Ke3 h1=Q 49. Rxh1 Bxh1 0-1

[Event "chess.com SpeedChess Q1Sw"]
[Site "chess.com INT"]
[Date "2022.11.10"]
[Round "8"]
[White "Ibarra Jerez, Jose Carlos"]
[Black "Sattarov, Bobir"]
[Result "1/2-1/2"]
[WhiteTitle "GM"]
[WhiteElo "2557"]
[BlackElo "2433"]
[WhiteFideId "2226332"]
[BlackFideId "14203081"]
[EventDate "2022.11.10"]

1. Nf3 Nf6 2. g3 d5 3. Bg2 c6 4. O-O Bg4 5. h3 Bh5 6. c4 e6 7. cxd5 exd5 8. Qb3
Qb6 9. d4 Bd6 10. Qe3+ Kf8 11. Nc3 Nbd7 12. Nh4 Re8 13. Qd3 Bg6 14. Nxg6+ hxg6
15. b3 Qa5 16. Bd2 Bb4 17. a3 Bxc3 18. Bxc3 Qc7 19. Bd2 Ne4 20. Bf4 Qd8 21. f3
Nef6 22. g4 Kg8 23. Rad1 Qe7 24. e4 Qxa3 25. e5 Nh7 26. Bc1 Qb4 27. f4 Nhf8 28.
f5 Qb6 29. Kh1 Qd8 30. Ba3 Qh4 31. Kg1 gxf5 32. Qxf5 f6 33. Rde1 Qg5 34. Qd3
fxe5 35. dxe5 Ne6 36. Rf5 Qh4 37. Ref1 Ndc5 38. Qc2 Ne4 39. Rf7 N6g5 40. Rf8+
Rxf8 41. Rxf8+ Kh7 42. Rf5 Kg8 43. Rf8+ Kh7 44. Rf5 g6 45. Rf1 Kg7 46. e6 Qg3
47. Bb2+ Kh7 48. Bxh8 Nxh3+ 49. Kh1 Nef2+ 50. Rxf2 Nxf2+ 51. Kg1 Nh3+ 52. Kf1
Kxh8 53. e7 Qf4+ 54. Ke1 Qe3+ 55. Qe2 Qc3+ 56. Kd1 Qa1+ 57. Kd2 Qb2+ 58. Ke1
Qc1+ 59. Qd1 Qe3+ 60. Qe2 Qc1+ 61. Qd1 Qe3+ 62. Qe2 1/2-1/2

[Event "chess.com SpeedChess Q1Sw"]
[Site "chess.com INT"]
[Date "2022.11.10"]
[Round "8"]
[White "Rustemov, Alexander"]
[Black "Predke, Alexandr"]
[Result "0-1"]
[WhiteTitle "GM"]
[BlackTitle "GM"]
[WhiteElo "2525"]
[BlackElo "2684"]
[WhiteFideId "4119002"]
[BlackFideId "24107581"]
[EventDate "2022.11.10"]

1. d4 Nf6 2. c4 e6 3. Nf3 d5 4. Nc3 Bb4 5. Bg5 Nbd7 6. e3 h6 7. Bh4 g5 8. Bg3
Ne4 9. Qc2 c6 10. Bd3 Qa5 11. Rc1 f5 12. O-O Nxg3 13. hxg3 g4 14. Nd2 Nf6 15. a3
Bxc3 16. Qxc3 Qxc3 17. Rxc3 h5 18. Rfc1 a5 19. f3 h4 20. gxh4 Rxh4 21. Nf1 gxf3
22. gxf3 Bd7 23. R3c2 Kf7 24. Rh2 Rg8+ 25. Kf2 Rxh2+ 26. Nxh2 Rh8 27. Nf1 Ke7
28. Kg2 f4 29. Re1 fxe3 30. Nxe3 Kd6 31. c5+ Kc7 32. Ng4 Rg8 33. Be2 e5 34. dxe5
Nxg4 35. fxg4 Bxg4 36. Bxg4 Rxg4+ 37. Kf3 Rc4 38. Rh1 Rxc5 39. Rh7+ Kc8 40. Kf4
d4 41. Rh8+ Kd7 42. Rh7+ Ke6 43. Rh6+ Kd5 44. Rd6+ Kc4 45. e6 Rh5 46. e7 Rh4+
47. Kf5 Rh5+ 48. Kf6 Rh6+ 49. Ke5 Rh5+ 50. Ke6 Rh6+ 51. Kd7 Rh8 52. Rf6 d3 53.
Rf8 Rh7 54. Ke6 Rxe7+ 55. Kxe7 Kb3 56. Rd8 Kc2 57. Rd6 d2 58. Kd7 d1=Q 59. Rxd1
Kxd1 60. Kc7 Kc2 61. Kxb7 Kxb2 62. Kxc6 Kxa3 63. Kb5 a4 64. Kc4 Kb2 0-1

[Event "chess.com SpeedChess Q1Sw"]
[Site "chess.com INT"]
[Date "2022.11.10"]
[Round "8"]
[White "Chigaev, Maksim"]
[Black "Narayanan, S.L."]
[Result "1-0"]
[WhiteTitle "GM"]
[BlackTitle "GM"]
[WhiteElo "2632"]
[BlackElo "2673"]
[WhiteFideId "4108116"]
[BlackFideId "5058422"]
[EventDate "2022.11.10"]

1. Nf3 Nf6 2. c4 c5 3. Nc3 Nc6 4. g3 g6 5. Bg2 Bg7 6. O-O O-O 7. d4 d5 8. cxd5
Nxd5 9. Nxd5 Qxd5 10. Be3 Qh5 11. dxc5 Bxb2 12. Rb1 Bf6 13. Qa4 Rb8 14. Nd4 Bxd4
15. Bxd4 Bd7 16. Ba1 Rfd8 17. Qc4 Be6 18. Qc3 f6 19. Bf3 Qg5 20. h4 Qf5 21. Qe3
Bd5 22. Bxd5+ Rxd5 23. Qb3 Kf8 24. Rfe1 Qd7 25. e4 Rd3 26. Qc4 e5 27. Bb2 Rd8
28. Bc1 Kg7 29. Be3 Qe7 30. Kg2 R3d7 31. Re2 Qf7 32. Qxf7+ Rxf7 33. Reb2 Rdd7
34. h5 g5 35. Kf3 h6 36. Kg4 Rc7 37. Rd2 Rfd7 38. Rd5 Ne7 39. Rd6 Nc8 40. Rd5
Ne7 41. Rd6 Nc8 42. Rd5 Kf7 43. Rbd1 Ke6 44. Rxd7 Rxd7 45. Rxd7 Kxd7 46. Kf5 Ke7
47. Kg6 Ke6 48. Kxh6 Kf7 49. Bxg5 fxg5 50. Kxg5 Ne7 51. f4 Nc6 52. h6 Nd4 53.
fxe5 Ne6+ 54. Kf5 Nxc5 55. g4 Ne6 56. g5 Nd4+ 57. Kg4 Kg6 58. a4 Ne6 59. h7 Kxh7
60. Kf5 Ng7+ 61. Kf6 Nh5+ 62. Kf7 Nf4 63. e6 Nxe6 64. Kxe6 Kg6 65. e5 1-0

[Event "chess.com SpeedChess Q1Sw"]
[Site "chess.com INT"]
[Date "2022.11.10"]
[Round "8"]
[White "Goltseva, Ekaterina"]
[Black "Durarbayli, Vasif"]
[Result "0-1"]
[WhiteTitle "FM"]
[BlackTitle "GM"]
[WhiteElo "2265"]
[BlackElo "2612"]
[WhiteFideId "24173770"]
[BlackFideId "13402935"]
[EventDate "2022.11.10"]

1. d4 Nf6 2. c4 e6 3. g3 d5 4. Nf3 Bb4+ 5. Bd2 Be7 6. Bg2 O-O 7. O-O Nbd7 8. Qc2
c6 9. a3 b6 10. cxd5 cxd5 11. Rc1 Ba6 12. Nc3 Qb8 13. Qa4 Qb7 14. Nb5 Rac8 15.
Bb4 Bxb5 16. Qxb5 a6 17. Qd3 Bxb4 18. axb4 Rxc1+ 19. Rxc1 Rc8 20. Rc3 Ne4 21.
Rc2 b5 22. h4 h6 23. Ne1 Nd6 24. b3 Rxc2 25. Qxc2 Nb8 26. Nd3 Nc6 27. Nc5 Qa8
28. Qc3 a5 29. bxa5 b4 30. Qa1 Qxa5 31. Qxa5 Nxa5 32. Nd3 Nxb3 33. e3 g5 34.
hxg5 hxg5 35. Nxb4 Kg7 36. Nc6 Nd2 37. Ne5 f6 38. Nd3 f5 39. Bf1 Nf3+ 40. Kg2 g4
41. Be2 Ng5 42. Ne5 Nde4 43. Bd3 Nc3 44. Nc6 Nf3 45. Bc2 Ne1+ 46. Kf1 Nxc2 47.
Ne5 Ne4 48. Nc6 Kf6 49. Nd8 Nb4 50. Nb7 Nd3 51. Na5 Ndxf2 52. Nc6 Nh3 53. Ne5
Nxg3+ 54. Kg2 Ne4 55. Nd7+ Ke7 56. Ne5 Nhg5 57. Ng6+ Kf6 58. Nf4 Nf7 59. Nh5+
Ke7 60. Nf4 Nfd6 61. Ng6+ Kf6 62. Ne5 Nc4 63. Nd7+ Ke7 64. Nb8 Nxe3+ 65. Kg1 Nc2
66. Nc6+ Kf6 67. Ne5 Nxd4 68. Nd7+ Ke7 69. Ne5 Kd6 70. Ng6 Kc5 71. Nf8 Kc4 72.
Nd7 g3 73. Ne5+ Kc3 74. Ng6 Kd3 75. Nf4+ Kd2 76. Ng2 f4 77. Nxf4 Ne2+ 78. Nxe2
Kxe2 79. Kg2 d4 0-1